| 000 | 00000nam 2200000za 4500 |
| 001 | 9.634541 |
| 003 | CaOODSP |
| 005 | 20230712104416 |
| 007 | cr ||||||||||| |
| 008 | 150407s2007 onca o f000 0 fre d |
| 020 | |a978-0-662-07107-5 |
| 040 | |aCaOODSP|bfre |
| 043 | |an-cn--- |
| 086 | 1 |aCW66-274/2007F-PDF |
| 110 | 2 |aService canadien de la faune. |
| 245 | 10|aDisposition ou changement d'utilisation des dons écologiques |h[ressource électronique] : |bce que les organismes bénéficiaires doivent savoir. |
| 260 | |aOttawa - Ontario : |bEnvironnement Canada. |c2007. |
| 300 | |a4p.|bphotographies |
| 590 | |a10-05-Supp|b2010-07-20 |
| 775 | 08|tDisposition or change in use of ecological gifts |w(CaOODSP)9.690168 |
| 794 | |tDisposition ou changement d'utilisation des dons écologiques |b2014|w(CaOODSP)9.642836 |
| 856 | 40|qPDF|s790 Ko|uhttps://publications.gc.ca/collections/collection_2009/ec/CW66-274-2007F.pdf |